[Event "Championnat de France - Accession"]
[Site "Nimes"]
[Date "2009.08.22"]
[Round "11.24"]
[White "Velten, Paul"]
[Black "Frederic, Clement"]
[Result "1-0"]
[WhiteElo "2153"]
[BlackElo "2235"]
[PlyCount "87"]
[EventDate "2009.??.??"]

1. d4 f5 2. Bg5 h6 3. Bh4 g5 4. Bg3 Nf6 5. e3 d6 6. Bc4 e6 7. h4 Rg8 8. hxg5
hxg5 9. Nd2 Nc6 10. c3 Bd7 11. Ne2 Qe7 12. b4 Rg7 13. f3 e5 14. d5 Nd8 15. Qc2
c6 16. dxc6 bxc6 17. Bd3 Qe6 18. Rh6 Nf7 19. Rh1 Be7 20. Bf2 Bd8 21. Ng3 f4 22.
Nf5 Rg8 23. O-O-O Nd5 24. Nc4 Ne7 25. Nfxd6+ Nxd6 26. Nxd6+ Qxd6 27. Bh7 Qe6
28. Bxg8 Nxg8 29. exf4 gxf4 30. Rh7 Be7 31. Rh8 a5 32. Qd3 axb4 33. Qxd7+ Qxd7
34. Rxg8+ Kf7 35. Rxd7 Rxg8 36. Bc5 Rxg2 37. Rxe7+ Kf6 38. cxb4 Rg3 39. Rc7
Rxf3 40. Rxc6+ Kf5 41. b5 Rd3 42. b6 f3 43. b7 Rc3+ 44. Kd2 1-0

[Event "Championnat de France - Accession"]
[Site "Nimes"]
[Date "2009.08.22"]
[Round "11.25"]
[White "Favarel, Antoine"]
[Black "Iwanesko, Alexandre"]
[Result "1/2-1/2"]
[WhiteElo "2213"]
[BlackElo "2101"]
[PlyCount "29"]
[EventDate "2009.??.??"]

1. e4 c5 2. Nf3 e6 3. b3 b6 4. Bd3 Bb7 5. O-O Nf6 6. e5 Nd5 7. Nc3 d6 8. Ne4
Nc6 9. Bb2 dxe5 10. Nxe5 Nxe5 11. Bxe5 Qd7 12. a4 a6 13. Re1 f6 14. Qh5+ Qf7
15. Qxf7+ 1/2-1/2

[Event "Championnat de France - Accession"]
[Site "Nimes"]
[Date "2009.08.22"]
[Round "11.26"]
[White "Prodhomme, Boris"]
[Black "Lebreton, Flavien"]
[Result "1-0"]
[WhiteElo "2183"]
[BlackElo "2012"]
[PlyCount "47"]
[EventDate "2009.??.??"]

1. d4 d5 2. c4 e6 3. Nc3 Nf6 4. cxd5 exd5 5. Bg5 Be7 6. Qc2 h6 7. Bh4 Nc6 8. e3
O-O 9. a3 Re8 10. Bd3 Be6 11. Nge2 Qd7 12. O-O g5 13. Bg3 h5 14. f4 Ng4 15. Rf3
f5 16. h3 Nh6 17. fxg5 Bxg5 18. Bf4 Bxf4 19. Nxf4 Bf7 20. Ncxd5 Bxd5 21. Nxd5
Qxd5 22. Bc4 Rad8 23. Bxd5+ Rxd5 24. Qb3 1-0

[Event "Championnat de France - Accession"]
[Site "Nimes"]
[Date "2009.08.22"]
[Round "11.27"]
[White "Maleki, Nicolas"]
[Black "Daurelle, Herve"]
[Result "0-1"]
[WhiteElo "2165"]
[BlackElo "2292"]
[PlyCount "122"]
[EventDate "2009.??.??"]

1. d4 Nf6 2. c4 e6 3. Nc3 c5 4. d5 exd5 5. cxd5 d6 6. Nf3 g6 7. Bg5 h6 8. Bh4
Bg7 9. e3 O-O 10. Bd3 a6 11. a4 Bg4 12. h3 Bxf3 13. Qxf3 Nbd7 14. O-O Qb6 15.
Rab1 Ne5 16. Qe2 Qb4 17. Bg3 Nfd7 18. Bc2 c4 19. f4 Nd3 20. Bxd3 cxd3 21. Qxd3
Rfe8 22. Bf2 Nc5 23. Qc2 Rac8 24. Rfc1 Nxa4 25. Qxa4 Bxc3 26. Qc2 Bf6 27. Qxc8
Rxc8 28. Rxc8+ Kg7 29. Rcc1 Qe4 30. Rd1 a5 31. Be1 Qxe3+ 32. Kh1 a4 33. Bc3 b5
34. Bxf6+ Kxf6 35. Re1 Qb3 36. Red1 b4 37. Ra1 Kf5 38. Rd2 f6 39. Rf1 h5 40.
Rf3 Qc4 41. Rff2 h4 42. Kh2 Ke4 43. g3 hxg3+ 44. Kxg3 Kf5 45. Kh2 Qe4 46. Kg3
Qh1 47. Rg2 Qe1+ 48. Rgf2 Qg1+ 49. Kf3 g5 50. fxg5 fxg5 51. Ke3+ Ke5 52. Kf3 a3
53. bxa3 bxa3 54. Rg2 Qf1+ 55. Kg4 Qf5+ 56. Kh5 g4+ 57. Kh6 g3 58. Rxg3 Qf4+
59. Rg5+ Kf6 60. Rdg2 a2 61. Kh5 a1=Q 0-1

[Event "Championnat de France - Accession"]
[Site "Nimes"]
[Date "2009.08.22"]
[Round "11.29"]
[White "Kassis, Antoine"]
[Black "Salus, Stephane"]
[Result "1/2-1/2"]
[WhiteElo "2183"]
[BlackElo "2218"]
[PlyCount "91"]
[EventDate "2009.??.??"]

1. d4 c5 2. d5 e5 3. e4 d6 4. Bd3 Be7 5. Nd2 Nf6 6. Ne2 h5 7. c3 h4 8. h3 Nbd7
9. a4 Nh5 10. Nc4 Nf8 11. b4 b6 12. bxc5 bxc5 13. a5 Ng6 14. a6 Kf8 15. Na5
Ngf4 16. Nc6 Qc7 17. Nxf4 Nxf4 18. Bxf4 exf4 19. O-O Bf6 20. Ra3 g6 21. Be2 Bd7
22. Qb3 Bxc6 23. dxc6 Rb8 24. Qd5 Kg7 25. Rd1 Be5 26. Bg4 Rb2 27. Bd7 Rhb8 28.
Qc4 Qd8 29. Ra2 R2b3 30. Rc2 Rb1 31. Rcc1 Rxc1 32. Rxc1 Rb2 33. Re1 f3 34. gxf3
Qg5+ 35. Kf1 Bg3 36. Qe2 Rxe2 37. Kxe2 Bxf2 38. Kxf2 c4 39. Ke2 Qa5 40. Bc8 Kf6
41. f4 Ke7 42. Bb7 Kd8 43. Rd1 Kc7 44. Rd5 Qxc3 45. e5 Qc2+ 46. Ke3 1/2-1/2

[Event "Championnat de France - Accession"]
[Site "Nimes"]
[Date "2009.08.22"]
[Round "11.30"]
[White "Thet, Sylvain"]
[Black "Lamard, Guillaume"]
[Result "0-1"]
[WhiteElo "2031"]
[BlackElo "2101"]
[PlyCount "82"]
[EventDate "2009.??.??"]

1. d4 d5 2. c4 c6 3. Nc3 Nf6 4. Nf3 e6 5. e3 a6 6. a4 c5 7. Bd3 Nc6 8. O-O Bd6
9. Qe2 O-O 10. Rd1 cxd4 11. exd4 h6 12. Bb1 Nb4 13. c5 Bb8 14. Ne5 b6 15. cxb6
Qxb6 16. g4 Nc6 17. a5 Nxd4 18. Qd3 Qc5 19. Na4 Qd6 20. f4 Nc6 21. Nc4 dxc4 22.
Qxd6 Bxd6 23. Rxd6 Nxa5 24. Nc5 Nb7 25. Nxb7 Bxb7 26. g5 hxg5 27. fxg5 Rfd8 28.
Rxd8+ Rxd8 29. gxf6 Rd1+ 30. Kf2 gxf6 31. Bc2 Rh1 32. Kg3 Rg1+ 33. Kh3 e5 34.
Bf5 e4 35. Rb1 Bd5 36. Kh4 Be6 37. Bxe6 fxe6 38. Ra1 Kf7 39. b3 e3 40. Bb2 Rxa1
41. Bxa1 e2 0-1

[Event "Championnat de France - Accession"]
[Site "Nimes"]
[Date "2009.08.22"]
[Round "11.31"]
[White "Ozenne, Corentin"]
[Black "Lewis, John"]
[Result "1-0"]
[WhiteElo "1996"]
[BlackElo "2147"]
[Annotator "Rivier,Sylvain"]
[PlyCount "107"]
[EventDate "2009.??.??"]

1. d4 d5 2. c4 e6 3. Nf3 c6 4. g3 dxc4 5. Bg2 b5 6. O-O Bb7 7. Nc3 Nd7 8. e4
Ngf6 9. e5 Nd5 10. Ng5 Be7 11. Qh5 g6 12. Qh6 Nxc3 13. bxc3 Bf8 14. Qh3 Be7 15.
Qh6 Bf8 16. Qh3 Be7 17. Ne4 Qb6 18. a4 a5 19. Bh6 O-O-O 20. Be3 c5 21. axb5
Bxe4 22. Bxe4 cxd4 23. cxd4 Qxb5 24. Rfc1 Nb6 25. d5 Nxd5 26. Qf1 Kd7 27. Rxc4
Rb8 28. Rd1 Rhc8 29. Bxd5 exd5 30. Rcd4 Qxf1+ 31. Kxf1 Ke6 32. Rxd5 Rd8 33.
Rxd8 Rxd8 34. Ra1 Bb4 35. f4 Kf5 36. Kg2 Rc8 37. Kf3 h5 38. h3 Ke6 39. g4 Rc3
40. Ke4 Rc4+ 41. Kf3 hxg4+ 42. Kxg4 Rc6 43. h4 Ra6 44. Rd1 a4 45. Bd4 a3 46.
Rc1 Kd5 47. Ba1 Bc5 48. Kf3 Ra4 49. Rd1+ Bd4 50. Rd3 a2 51. Rd2 Kc5 52. Bxd4+
Rxd4 53. Rxa2 Kd5 54. Ra5+ {suite illisible} 1-0

[Event "Championnat de France - Accession"]
[Site "Nimes"]
[Date "2009.08.22"]
[Round "11.33"]
[White "Wunderman, Xavier"]
[Black "Barret, Simon"]
[Result "1-0"]
[WhiteElo "2169"]
[BlackElo "2166"]
[PlyCount "52"]
[EventDate "2009.??.??"]

1. e4 c5 2. Nc3 a6 3. g3 Nc6 4. Bg2 e6 5. Nge2 Be7 6. O-O Bf6 7. Nf4 g6 8. Re1
d6 9. Nce2 Nge7 10. c3 h5 11. d4 cxd4 12. cxd4 g5 13. Nd3 e5 14. dxe5 dxe5 15.
b3 h4 16. Bb2 hxg3 17. hxg3 Bg4 18. Qd2 Qb6 19. Nc3 O-O-O 20. Nd5 Nxd5 21. exd5
Nd4 22. Nxe5 Bxe5 23. Rxe5 Nb5 24. Rxg5 Rhg8 25. Rc1+ Nc7 26. Rxg8 Rxg8 1-0

[Event "Championnat de France - Accession"]
[Site "Nimes"]
[Date "2009.08.22"]
[Round "11.34"]
[White "Poignot, Quentin"]
[Black "Serralta, Michel"]
[Result "0-1"]
[WhiteElo "2183"]
[BlackElo "2137"]
[Annotator "Rivier,Sylvain"]
[PlyCount "76"]
[EventDate "2009.??.??"]

1. e4 c5 2. Nf3 Nc6 3. Bb5 g6 4. O-O Bg7 5. c3 e5 6. d3 d6 7. d4 Bd7 8. d5 Nce7
9. Bxd7+ Qxd7 10. Nbd2 h6 11. Ne1 Nf6 12. Nd3 c4 13. Nxc4 Nxe4 14. f4 exf4 15.
Qe2 f5 16. Nxf4 O-O 17. Nd2 Nc5 18. Nb3 Rfe8 19. Qf3 Ne4 20. Rd1 Bf6 21. Be3 g5
22. Nh5 Bh8 23. Bd4 Ng6 24. Bxh8 Kxh8 25. Nd4 Re5 26. Ne6 g4 27. Qf1 Rg8 28. c4
Qe7 29. Re1 Qh4 30. Nhf4 g3 31. h3 Nf2 32. Nd3 Rxe1 33. Nxe1 Ne5 34. Qe2 Nxh3+
35. gxh3 g2 36. Nxg2 Qxh3 37. Nef4 Nf3+ 38. Kf2 Qg3+ {suite illisible} 0-1